| 000 | 01007cam a2200157ua 4500 | ||
|---|---|---|---|
| 041 |
_aeng _h |
||
| 082 |
_a624.953 _bIND/CR |
||
| 110 | 1 |
_aIndian Standards Institution . _b _c(New Delhi ) |
|
| 245 |
_aCriteria for design of reinforced concrete bins for storage of granules and powdary materials, IS 4995(Part 1)-1974 / _cIndian Standards Institution. _hTextual Documents |
||
| 250 |
_a1 / _b. |
||
| 260 |
_aNew Delhi : _bIndian Standards Institution , _c1986. |
||
| 300 | _a17 ; . | ||
| 504 | _a | ||
| 942 | _cBK | ||
| 999 |
_c7703 _d7703 |
||